[Event "DEM U10w 2016"]
[Site "Willingen GER"]
[Date "2016.05.20"]
[Round "9"]
[White "Peglau, Charis"]
[Black "Butenandt, Svenja"]
[Result "0-1"]
[Termination "normal"]
[Board "1"]
[WhiteElo "1097"]
[BlackElo "1451"]
[WhiteClock "00:42:48"]
[BlackClock "00:18:26"]
[PlyCount "108"]
[WhiteFideId "16219996"]
[BlackFideId "12993859"]
[EventCountry "GER"]
[EventRounds "11"]
[EventType "swiss"]
[EventDate "2016.05.14"]

1. e4 d5 2. exd5 Qxd5 3. Nc3 Qd8 4. d4 Nf6 5. Nf3 Bg4 6. Be2 e6 7. Bg5 Be7 8.
O-O c6 9. Ne5 Bxe2 10. Nxe2 O-O 11. Qd3 Nbd7 12. Nxd7 Qxd7 13. Bxf6 Bxf6 14.
Rad1 Rfd8 15. c3 Qc7 16. Qe4 Rab8 17. Qg4 g6 18. Qh3 Rd5 19. Ng3 Qf4 20. Rde1
Qh4 21. Qxh4 Bxh4 22. Ne4 Be7 23. Rd1 Rbd8 24. Rfe1 c5 25. Rc1 cxd4 26. cxd4
Rxd4 27. f3 Bb4 28. Rf1 Bd2 29. Rc7 Be3+ 30. Kh1 Rd1 31. Ng3 Rxf1+ 32. Nxf1 Rd1
33. g3 Rxf1+ 34. Kg2 Rf2+ 35. Kh3 Rxb2 36. f4 Bg1 37. Kg4 Rxh2 38. Rxb7 Rxa2
39. Rb1 Bd4 40. Rd1 Bg7 41. Rd8+ Bf8 42. Ra8 a5 43. Ra6 a4 44. Rc6 a3 45. Rc1
Rb2 46. Ra1 a2 47. Kg5 Bg7 48. g4 Rb5+ 49. Kh4 Bxa1 50. g5 Bd4 51. Kg4 a1=Q 52.
Kh4 Qg1 53. Kh3 Rb2 54. f5 Rh2# 0-1

[Event "DEM U10w 2016"]
[Site "Willingen GER"]
[Date "2016.05.20"]
[Round "9"]
[White "Nguyen, Phuong Thao Vivien"]
[Black "Bashylina, Luisa"]
[Result "1-0"]
[Termination "normal"]
[Board "2"]
[WhiteElo "1578"]
[BlackElo "1664"]
[WhiteClock "00:41:13"]
[BlackClock "00:39:20"]
[PlyCount "63"]
[WhiteFideId "16210735"]
[BlackFideId "12983292"]
[EventCountry "GER"]
[EventRounds "11"]
[EventType "swiss"]
[EventDate "2016.05.14"]

1. e4 e5 2. Nf3 d6 3. d4 exd4 4. Nxd4 Nf6 5. Nc3 g6 6. g3 Bg7 7. Bg2 O-O 8. O-O
c6 9. h3 Qb6 10. Nf3 Rd8 11. Rb1 Nh5 12. Be3 Qc7 13. Qe2 Nd7 14. Rbd1 Nc5 15.
e5 Ne6 16. exd6 Rxd6 17. Rxd6 Qxd6 18. Bd2 Bd7 19. Ne4 Qc7 20. Bc3 Re8 21. Qd3
Nef4 22. gxf4 Nxf4 23. Qd6 Ne2+ 24. Kh1 Qb6 25. Qxd7 Rxe4 26. Ng5 Rf4 27. Qe8+
Bf8 28. Qxe2 Bh6 29. Qe5 f6 30. Qxf4 Bxg5 31. Qc4+ Kh8 32. Qf7 1-0

[Event "DEM U10w 2016"]
[Site "Willingen GER"]
[Date "2016.05.20"]
[Round "9"]
[White "Schneider, Anna"]
[Black "Baltic, Sara"]
[Result "1-0"]
[Termination "normal"]
[Board "3"]
[WhiteElo "1365"]
[BlackElo "1149"]
[WhiteClock "01:07:21"]
[BlackClock "00:27:15"]
[PlyCount "121"]
[WhiteFideId "16200527"]
[BlackFideId "16210409"]
[EventCountry "GER"]
[EventRounds "11"]
[EventType "swiss"]
[EventDate "2016.05.14"]

1. e4 e6 2. d4 d5 3. exd5 exd5 4. Nf3 Bd6 5. c4 Ne7 6. Nc3 Be6 7. c5 Bxc5 8.
dxc5 Nbc6 9. Bd3 Qd7 10. h3 O-O-O 11. a4 a6 12. Rb1 Bf5 13. b4 Ng6 14. O-O Nce5
15. Nxe5 Nxe5 16. Bc2 d4 17. b5 Bxc2 18. Qxc2 dxc3 19. bxa6 Nc6 20. Qb3 b6 21.
cxb6 cxb6 22. Qxb6 Qc7 23. Bf4 Qxb6 24. Rxb6 Nd4 25. Rd1 Ne2+ 26. Kh2 Rxd1 27.
Rb8+ Kd7 28. Rxh8 Nxf4 29. a7 c2 30. a8=Q c1=Q 31. Rd8+ Ke6 32. Rxd1 Qxd1 33.
Qe4+ Kd7 34. Qxf4 Qd5 35. Qg4+ Ke7 36. Qxg7 Qd6+ 37. Qg3 Qc5 38. Qe3+ Kd6 39.
Qxc5+ Kxc5 40. Kg3 Kb4 41. Kf4 Kxa4 42. Kf5 Kb3 43. Kf6 Kc3 44. f4 Kd4 45. Kxf7
Ke4 46. Kg7 Kxf4 47. Kxh7 Kg3 48. Kg6 Kh4 49. Kf5 Kg3 50. Kg5 Kxg2 51. h4 Kg3
52. h5 Kf3 53. h6 Ke4 54. h7 Ke5 55. h8=Q+ Ke6 56. Qd4 Kf7 57. Qb6 Ke7 58. Qc6
Kd8 59. Qb7 Ke8 60. Kf6 Kd8 61. Ke6 1-0

[Event "DEM U10w 2016"]
[Site "Willingen GER"]
[Date "2016.05.20"]
[Round "9"]
[White "Zhou, Lepu Coco"]
[Black "Becker, Linda"]
[Result "0-1"]
[Termination "normal"]
[Board "4"]
[WhiteElo "1645"]
[BlackElo "1093"]
[WhiteClock "00:29:44"]
[BlackClock "01:01:48"]
[PlyCount "84"]
[WhiteFideId "16217136"]
[BlackFideId "16244753"]
[EventCountry "GER"]
[EventRounds "11"]
[EventType "swiss"]
[EventDate "2016.05.14"]

1. e4 e5 2. Nf3 Nc6 3. Bc4 Bc5 4. O-O Nf6 5. d4 exd4 6. e5 d5 7. exf6 dxc4 8.
Re1+ Be6 9. Ng5 Qd5 10. Nc3 Qf5 11. fxg7 Rg8 12. Nce4 O-O-O 13. g4 Qd5 14. Nf6
Qd6 15. Nxg8 Rxg8 16. Ne4 Qe5 17. Nxc5 Qxc5 18. Bh6 Qd5 19. c3 d3 20. Re3 f5
21. Rf3 Ne5 22. Rf4 Nxg4 23. Qf3 Nxh6 24. Qxd5 Bxd5 25. Kf1 Rxg7 26. Rh4 Bg2+
27. Ke1 Re7+ 28. Kd2 Re2+ 29. Kd1 Ng4 30. Rxg4 fxg4 31. Rc1 Rxf2 32. b3 d2 33.
Kc2 dxc1=Q+ 34. Kxc1 Rxa2 35. Kb1 Rf2 36. bxc4 Be4+ 37. Kc1 Rxh2 38. Kd1 g3 39.
Ke1 Rh1+ 40. Ke2 g2 41. Kd2 g1=Q 42. Ke2 Rh2# 0-1

[Event "DEM U10w 2016"]
[Site "Willingen GER"]
[Date "2016.05.20"]
[Round "9"]
[White "Bildat, Emilia"]
[Black "Adelmeyer, Nelly"]
[Result "1/2-1/2"]
[Termination "normal"]
[Board "5"]
[WhiteElo "947"]
[BlackElo "1086"]
[WhiteClock "00:19:51"]
[BlackClock "00:48:36"]
[PlyCount "129"]
[WhiteFideId "16218140"]
[BlackFideId "16203577"]
[EventCountry "GER"]
[EventRounds "11"]
[EventType "swiss"]
[EventDate "2016.05.14"]

1. d4 Nf6 2. Nf3 g6 3. Bf4 Bg7 4. e3 O-O 5. Nbd2 d5 6. h3 c5 7. c3 cxd4 8. cxd4
Nc6 9. Be2 Bf5 10. O-O Qb6 11. Qb3 Qxb3 12. Nxb3 Nb4 13. a3 Nd3 14. Ra2 Rac8
15. Bd1 b6 16. a4 Nb4 17. Ra1 Nc2 18. Rc1 Bd3 19. Bxc2 Bxc2 20. Nfd2 Ne4 21.
Nxe4 Bxb3 22. Nc3 Rfe8 23. Bg3 e5 24. dxe5 Bxe5 25. Bxe5 Rxe5 26. Rfe1 Rc4 27.
Ra1 d4 28. exd4 Rxe1+ 29. Rxe1 Rxd4 30. Ra1 Rb4 31. Ra3 a6 32. Kh2 Bc4 33. Nd1
Be2 34. Nc3 Rxb2 35. Nxe2 Rxe2 36. Kg3 Re7 37. a5 b5 38. Rb3 Rb7 39. Rb4 Kf8
40. Kf3 Rc7 41. Ke4 Ke7 42. f4 Kd6 43. f5 Kc5 44. Rb1 Rb7 45. fxg6 fxg6 46. Kd3
b4 47. Kc2 Kc4 48. Ra1 b3+ 49. Kb2 Kd3 50. Rd1+ Ke2 51. Rd6 Kf2 52. Rxa6 Kxg2
53. Rb6 Ra7 54. a6 Kxh3 55. Kxb3 g5 56. Kb4 g4 57. Kb5 g3 58. Rb7 Rxb7+ 59.
axb7 g2 60. b8=Q g1=Q 61. Qf4 Qb1+ 62. Kc5 Qc2+ 63. Kd5 Qa2+ 64. Kc6 Qe6+ 65.
Kb5 1/2-1/2

[Event "DEM U10w 2016"]
[Site "Willingen GER"]
[Date "2016.05.20"]
[Round "9"]
[White "Werner, Rosalie"]
[Black "Derling, Charlotte"]
[Result "0-1"]
[Termination "normal"]
[Board "6"]
[WhiteElo "1075"]
[BlackElo "974"]
[WhiteClock "00:31:37"]
[BlackClock "01:02:36"]
[PlyCount "158"]
[WhiteFideId "16223748"]
[BlackFideId "16222237"]
[EventCountry "GER"]
[EventRounds "11"]
[EventType "swiss"]
[EventDate "2016.05.14"]

1. e4 e5 2. Nf3 Nc6 3. Bc4 Be7 4. c3 Nf6 5. d3 O-O 6. O-O d5 7. Bb3 dxe4 8.
dxe4 Nxe4 9. Qe2 Nf6 10. Nxe5 Bd6 11. Nxc6 bxc6 12. Nd2 a5 13. Re1 Bg4 14. Qc4
Qd7 15. Nf1 Rae8 16. Bg5 Nd5 17. Ba4 Nb6 18. Qb3 Re6 19. Qc2 Rfe8 20. Ne3 h6
21. Bh4 Bh5 22. Bb3 Nd5 23. Bxd5 cxd5 24. Qd2 Bf4 25. Kh1 Re4 26. Bg3 Bxe3 27.
fxe3 R8e7 28. Bf4 c5 29. h3 Qf5 30. g4 Bxg4 31. hxg4 Qxg4 32. Rg1 Qh3+ 33. Qh2
Qxh2+ 34. Kxh2 d4 35. cxd4 cxd4 36. Kg3 dxe3 37. Bxe3 Rxe3+ 38. Kf2 Re2+ 39.
Kf1 Rxb2 40. Rg3 Reb7 41. Rb3 R2xb3 42. axb3 Rxb3 43. Rxa5 Rf3+ 44. Kg2 Rf6 45.
Kg3 Kh7 46. Kg4 Rg6+ 47. Kh5 Rg5+ 48. Rxg5 hxg5 49. Kxg5 f6+ 50. Kh5 g6+ 51.
Kh4 Kh6 52. Kg4 g5 53. Kg3 Kh5 54. Kh3 f5 55. Kg3 g4 56. Kg2 Kh4 57. Kh2 f4 58.
Kg2 g3 59. Kg1 f3 60. Kh1 Kh3 61. Kg1 g2 62. Kf2 Kh2 63. Kxf3 g1=Q 64. Kf4 Qe1
65. Kf3 Kh3 66. Kf4 Kg2 67. Kg5 Qb4 68. Kf5 Kg3 69. Ke5 Kf3 70. Kd5 Ke3 71. Ke5
Qc5+ 72. Kf6 Ke4 73. Kg6 Kf4 74. Kh6 Kg4 75. Kg6 Qd6+ 76. Kf7 Kg5 77. Kg7 Qe7+
78. Kg8 Kh6 79. Kh8 Qh7# 0-1

[Event "DEM U10w 2016"]
[Site "Willingen GER"]
[Date "2016.05.20"]
[Round "9"]
[White "Breß, Amy Charlize"]
[Black "Pohle, Saskia"]
[Result "1/2-1/2"]
[Termination "normal"]
[Board "7"]
[WhiteElo "1059"]
[BlackElo "1228"]
[PlyCount "42"]
[WhiteFideId "16233786"]
[BlackFideId "16201604"]
[EventCountry "GER"]
[EventRounds "11"]
[EventType "swiss"]
[EventDate "2016.05.14"]

1. e4 e5 2. Nf3 Nc6 3. Bb5 a6 4. Ba4 Bc5 5. c3 Nge7 6. O-O O-O 7. d4 exd4 8.
cxd4 Ba7 9. Nc3 d6 10. h3 Bd7 11. a3 Na5 12. Bc2 Rc8 13. b4 Nac6 14. Bb2 Ng6
15. Qd2 Re8 16. Rfe1 Nce7 17. Qg5 Nc6 18. Qxd8 Rcxd8 19. Nd5 Rc8 20. Re2 Be6
21. Bb3 Bxd5 1/2-1/2

[Event "DEM U10w 2016"]
[Site "Willingen GER"]
[Date "2016.05.20"]
[Round "9"]
[White "Lorenz, Anouk"]
[Black "Müller, Helene"]
[Result "1-0"]
[Termination "normal"]
[Board "8"]
[WhiteElo "1187"]
[BlackElo "1107"]
[PlyCount "51"]
[WhiteFideId "12990256"]
[BlackFideId "16240456"]
[EventCountry "GER"]
[EventRounds "11"]
[EventType "swiss"]
[EventDate "2016.05.14"]

1. e4 c5 2. Nf3 d6 3. d4 cxd4 4. Nxd4 Nf6 5. Nc3 g6 6. f3 Bg7 7. Be3 O-O 8. Qd2
Nc6 9. g4 Bd7 10. g5 Ne8 11. O-O-O a6 12. h4 h5 13. gxh6 Bh8 14. h5 Nf6 15.
hxg6 fxg6 16. Qg2 Kh7 17. Rg1 Rg8 18. Bc4 d5 19. exd5 Na5 20. Bd3 Bf5 21. Nxf5
Qe8 22. Nh4 Bg7 23. Bxg6+ Kh8 24. Bxe8 Raxe8 25. hxg7+ Kh7 26. Qg6# 1-0

[Event "DEM U10w 2016"]
[Site "Willingen GER"]
[Date "2016.05.20"]
[Round "9"]
[White "von Beckh, Frieda"]
[Black "Müller, Alina"]
[Result "0-1"]
[Termination "normal"]
[Board "9"]
[WhiteElo "1071"]
[BlackElo "1159"]
[PlyCount "86"]
[WhiteFideId "16233751"]
[BlackFideId "16265939"]
[EventCountry "GER"]
[EventRounds "11"]
[EventType "swiss"]
[EventDate "2016.05.14"]

1. e4 e6 2. d4 d5 3. Nc3 Be7 4. Bd3 Nc6 5. Nf3 Nf6 6. e5 Nd7 7. O-O O-O 8. Be3
Nb4 9. Be2 Nb6 10. b3 f6 11. a4 fxe5 12. Nxe5 Rf5 13. Bg4 Rf6 14. Re1 h6 15.
Qd2 Bd7 16. a5 Nc8 17. Rad1 Bd6 18. Qc1 Bxe5 19. dxe5 Rf8 20. Bc5 Rf7 21. Bxb4
Qh4 22. f3 h5 23. g3 Qd8 24. Bxh5 Rf5 25. Bg4 Rg5 26. h4 Rg6 27. Ne2 Bc6 28.
Nf4 Rxg4 29. fxg4 d4 30. Nxe6 Qd5 31. Nf4 Qh1+ 32. Kf2 Qh2+ 33. Kf1 Bb5+ 34.
Nd3 Nd6 35. c4 Rf8+ 36. Nf4 Bc6 37. Re2 Qh3+ 38. Ke1 Qxg3+ 39. Rf2 Ne4 40. Qc2
Rxf4 41. Rdd2 Qg1+ 42. Ke2 Qxf2+ 43. Kd3 Qe3# 0-1

[Event "DEM U10w 2016"]
[Site "Willingen GER"]
[Date "2016.05.20"]
[Round "9"]
[White "Zöllner, Bente"]
[Black "Engelhardt, Wilhelmine"]
[Result "0-1"]
[Termination "normal"]
[Board "10"]
[WhiteElo "922"]
[BlackElo "1156"]
[PlyCount "128"]
[WhiteFideId "16230523"]
[BlackFideId "16245652"]
[EventCountry "GER"]
[EventRounds "11"]
[EventType "swiss"]
[EventDate "2016.05.14"]

1. d4 Nf6 2. Bg5 e6 3. Nf3 h6 4. Bh4 g5 5. Bg3 b6 6. e3 Bb7 7. c3 c5 8. Nbd2 d6
9. Bd3 Nh5 10. Qa4+ Nd7 11. Bb5 Nxg3 12. hxg3 Qe7 13. Ne4 Bg7 14. Bc6 Bxc6 15.
Qxc6 O-O 16. O-O-O cxd4 17. exd4 Rfc8 18. Qa4 d5 19. Ned2 a5 20. Rde1 b5 21.
Qxb5 Rcb8 22. Qa4 Nb6 23. Qb5 Nc4 24. Qa4 Nxb2 25. Qc2 Qa3 26. Nb3 Nd3+ 27. Kd1
Nxe1 28. Rxe1 a4 29. Nbd2 Rb2 30. Qc1 Rab8 31. Ke2 Qxa2 32. Qa1 Qxa1 33. Rxa1
Ra8 34. Ra3 Bf8 35. Ra1 a3 36. Kd1 a2 37. Kc1 Rab8 38. Ne5 Ba3 39. Kd1 Rb1+ 40.
Nxb1 Rxb1+ 41. Rxb1 axb1=Q+ 42. Ke2 Qe4+ 43. Kf1 f6 44. Nf3 g4 45. Nd2 Qd3+ 46.
Ke1 Qxc3 47. Ke2 Qxd4 48. f3 gxf3+ 49. gxf3 Qe5+ 50. Kf2 Bc5+ 51. Kf1 Qxg3 52.
Ke2 Qg2+ 53. Kd3 e5 54. Kc3 Bb4+ 55. Kxb4 Qxd2+ 56. Kc5 e4 57. fxe4 dxe4 58.
Kc4 e3 59. Kc5 Qd3 60. Kb4 e2 61. Kc5 e1=Q 62. Kb6 Qc1 63. Ka5 Qb3 64. Ka6 Qa1#
0-1

[Event "DEM U10w 2016"]
[Site "Willingen GER"]
[Date "2016.05.20"]
[Round "9"]
[White "Wimmer, Katharina"]
[Black "Wörz, Ann-Sophie"]
[Result "1/2-1/2"]
[Termination "normal"]
[Board "11"]
[WhiteElo "934"]
[BlackElo "1145"]
[PlyCount "48"]
[WhiteFideId "16265947"]
[BlackFideId "16265890"]
[EventCountry "GER"]
[EventRounds "11"]
[EventType "swiss"]
[EventDate "2016.05.14"]

1. e4 d5 2. exd5 Qxd5 3. Nc3 Qd6 4. Nf3 Bg4 5. Be2 c6 6. d3 e6 7. h3 Bh5 8. Ne4
Qc7 9. Bd2 Nd7 10. O-O Be7 11. c4 Ngf6 12. Bc3 O-O 13. Ng3 Bg6 14. d4 Rad8 15.
Qc1 Bd6 16. Qg5 Rfe8 17. Ne5 h6 18. Qe3 Bh7 19. Nh5 c5 20. Nxd7 Nxd7 21. dxc5
Qxc5 22. Nxg7 Qxe3 23. fxe3 Rf8 24. Nh5 Be5 1/2-1/2

[Event "DEM U10w 2016"]
[Site "Willingen GER"]
[Date "2016.05.20"]
[Round "9"]
[White "Keymer, Cecilia"]
[Black "Roncea, Andreea-Alexandra"]
[Result "1-0"]
[Termination "normal"]
[Board "12"]
[WhiteElo "923"]
[BlackElo "857"]
[PlyCount "121"]
[WhiteFideId "16233468"]
[BlackFideId "16233115"]
[EventCountry "GER"]
[EventRounds "11"]
[EventType "swiss"]
[EventDate "2016.05.14"]

1. d4 Nf6 2. c4 e6 3. Nc3 Bb4 4. Bf4 d5 5. e3 c5 6. Nf3 O-O 7. Bd3 Qa5 8. Qc2
dxc4 9. Bxc4 Nh5 10. Ng5 Nf6 11. Be5 h6 12. Bxf6 hxg5 13. Bxg5 Nc6 14. Rd1 b5
15. Be2 a6 16. a3 Bxc3+ 17. Qxc3 Qxc3+ 18. bxc3 cxd4 19. cxd4 Bb7 20. O-O f6
21. Bf4 Rac8 22. Bg4 f5 23. Bf3 Na5 24. Be2 Nc4 25. Bh5 Nxa3 26. Bd6 Rfd8 27.
Bxa3 Rc3 28. Bb4 Rc4 29. Rb1 Rdc8 30. Be2 Rc2 31. Bd1 Rc1 32. Rxc1 Rxc1 33. Bb3
Rxf1+ 34. Kxf1 Kf7 35. g3 Kf6 36. f4 Bc8 37. Kf2 g5 38. fxg5+ Kxg5 39. Kg2 Kf6
40. h4 e5 41. Kf3 exd4 42. exd4 Kg6 43. d5 Bd7 44. Kf4 Kh5 45. d6 Kg6 46. Bc3
Kh5 47. Bf7+ Kh6 48. h5 Kh7 49. Kg5 b4 50. Bxb4 Kg7 51. Bc4 Kh7 52. Bxa6 Kg7
53. h6+ Kh7 54. Bd3 Bc8 55. Bxf5+ Bxf5 56. Kxf5 Kxh6 57. d7 Kh5 58. d8=Q Kh6
59. Qg5+ Kh7 60. Qg6+ Kh8 61. Bc3# 1-0

[Event "DEM U10w 2016"]
[Site "Willingen GER"]
[Date "2016.05.20"]
[Round "9"]
[White "Gossing, Marie-Sophie"]
[Black "Grey, Anna"]
[Result "1/2-1/2"]
[Termination "normal"]
[Board "13"]
[WhiteElo "808"]
[BlackElo "964"]
[PlyCount "88"]
[WhiteFideId "16217284"]
[BlackFideId "16226917"]
[EventCountry "GER"]
[EventRounds "11"]
[EventType "swiss"]
[EventDate "2016.05.14"]

1. e4 c5 2. d4 cxd4 3. c3 dxc3 4. Nxc3 e5 5. Nf3 Nc6 6. Bb5 a6 7. Bxc6 bxc6 8.
Nxe5 Bb7 9. Qe2 d6 10. Nc4 Be7 11. O-O Nf6 12. Rd1 Qc7 13. Bf4 O-O 14. e5 dxe5
15. Bxe5 Qc8 16. Nb6 Qe6 17. Nxa8 Rxa8 18. Re1 Re8 19. Bxf6 Qxf6 20. Ne4 Qg6
21. Ng3 h6 22. Qe4 Qf6 23. Re2 Bc8 24. Rc1 Bd7 25. Rce1 Kf8 26. Qd3 Bc8 27. Ne4
Qf5 28. Qd2 Qd7 29. Qxd7 Bxd7 30. Nc3 Bb4 31. Rxe8+ Bxe8 32. Re3 Bxc3 33. bxc3
Bd7 34. Kf1 Be6 35. a4 Ke7 36. Ke1 Kd6 37. Re4 Kd5 38. Rd4+ Ke5 39. Kd2 Bd5 40.
Rg4 g6 41. f4+ Kf5 42. h3 h5 43. Rg3 Kxf4 44. Re3 Bxg2 1/2-1/2

[Event "DEM U10w 2016"]
[Site "Willingen GER"]
[Date "2016.05.20"]
[Round "9"]
[White "Arnold, Rubina"]
[Black "Antonava, Sviatlana"]
[Result "0-1"]
[Termination "normal"]
[Board "14"]
[WhiteElo "755"]
[BlackElo "1156"]
[PlyCount "76"]
[WhiteFideId "16276272"]
[BlackFideId "16216806"]
[EventCountry "GER"]
[EventRounds "11"]
[EventType "swiss"]
[EventDate "2016.05.14"]

1. g3 g6 2. Bg2 Bg7 3. Nf3 e6 4. O-O Ne7 5. d3 Nbc6 6. Qd2 O-O 7. Nc3 b6 8. b3
Bb7 9. Bb2 Nf5 10. e4 Nfd4 11. Nxd4 Nxd4 12. Rac1 d5 13. Qe3 dxe4 14. dxe4 Nc6
15. Rcd1 Qe7 16. Rd2 Rad8 17. Rfd1 Qb4 18. a3 Qc5 19. Qxc5 bxc5 20. e5 Rxd2 21.
Rxd2 Bxe5 22. Bxc6 Bxc6 23. f4 Bg7 24. b4 cxb4 25. axb4 Rb8 26. Ba3 Bxc3 27.
Kf2 Bxd2 28. Ke2 Bxb4 29. Bxb4 Rxb4 30. Kd3 a5 31. c3 Rb8 32. Kc2 a4 33. Kd3 a3
34. Kd4 a2 35. Ke5 a1=Q 36. Kf6 Qxc3+ 37. Ke7 Qd4 38. h4 Re8# 0-1

[Event "DEM U10w 2016"]
[Site "Willingen GER"]
[Date "2016.05.20"]
[Round "9"]
[White "Scholz, Rika"]
[Black "Petersen, Sophie"]
[Result "1/2-1/2"]
[Termination "normal"]
[Board "16"]
[WhiteElo "912"]
[BlackElo "906"]
[PlyCount "72"]
[WhiteFideId "16240537"]
[BlackFideId "16229380"]
[EventCountry "GER"]
[EventRounds "11"]
[EventType "swiss"]
[EventDate "2016.05.14"]

1. e4 e5 2. Nf3 Nc6 3. Bb5 a6 4. Bxc6 dxc6 5. Nxe5 Qd4 6. Nf3 Qxe4+ 7. Kf1 Nf6
8. Nc3 Qe7 9. d4 Bf5 10. Bf4 O-O-O 11. h3 Qd7 12. Kg1 Bd6 13. Be3 Ne4 14. b3
Nxc3 15. Qe1 Rhe8 16. Qxc3 Qe7 17. Rc1 Bb4 18. Qc4 b5 19. Qe2 c5 20. c3 Ba3 21.
Rd1 cxd4 22. cxd4 Qd7 23. Kh2 f6 24. Rhf1 Bd6+ 25. Kg1 Bf4 26. a3 Bxe3 27. fxe3
Qe7 28. Rfe1 Qe6 29. Kh2 g5 30. g4 Qd6+ 31. Kg2 Be4 32. Qf1 Qd5 33. a4 Qxb3 34.
axb5 Qxb5 35. Ra1 Bd3 36. Qf2 Be4 1/2-1/2

[Event "DEM U10w 2016"]
[Site "Willingen GER"]
[Date "2016.05.20"]
[Round "9"]
[White "Tolpa, Amelie"]
[Black "Peglau, Dora"]
[Result "0-1"]
[Termination "normal"]
[Board "17"]
[WhiteElo "808"]
[BlackElo "1066"]
[PlyCount "109"]
[WhiteFideId "16275756"]
[BlackFideId "16220005"]
[EventCountry "GER"]
[EventRounds "11"]
[EventType "swiss"]
[EventDate "2016.05.14"]

1. e4 e5 2. Nf3 Nc6 3. Bc4 Be7 4. Nc3 d6 5. h3 h6 6. d3 Nf6 7. Be3 O-O 8. O-O
Bd7 9. Nd5 Na5 10. b3 Nxc4 11. bxc4 Nxd5 12. cxd5 c6 13. c4 cxd5 14. cxd5 b6
15. d4 exd4 16. Bxd4 Rc8 17. Rc1 Re8 18. Bb2 Bb5 19. Re1 Bg5 20. Qd4 Bf6 21.
Qd2 Rxc1 22. Rxc1 Bxb2 23. Qxb2 Bd7 24. g3 Bxh3 25. Nh4 Rxe4 26. f3 Rxh4 27.
gxh4 Qxh4 28. Kh1 Qg3 29. Rg1 Qxf3+ 30. Kh2 Bg4 31. Rg3 Qf4 32. Kg2 Qe4+ 33.
Kf2 h5 34. Rxg4 Qxg4 35. Qa3 h4 36. Qxd6 h3 37. Qd8+ Kh7 38. d6 h2 39. Qc7 h1=Q
40. Qc2+ Qhe4 41. Qc1 Qef4+ 42. Qxf4 Qxf4+ 43. Ke2 Qxd6 44. Ke3 Kg6 45. Ke4 Kf6
46. a4 Ke6 47. Ke3 Ke5 48. Kf3 Qd4 49. a5 Qf4+ 50. Ke2 Qg3 51. axb6 axb6 52.
Kd2 Kd6 53. Kc2 Qe3 54. Kd1 Qf2 55. Kc1 0-1